000 00638nam a22001937a 4500
005 20251108170937.0
008 250721s1993 xx 000 0 ara d
082 1 4 _aط/812.9561/سي
100 1 _aالعيسى، سليمان
245 1 0 _aأحكي لكم طفولتي يا صغار :
_bمسلسل غنائي مسرحي للأطفال /
264 1 _aعمان :
_bدار الحكمة،
_c1993.
300 _a103ص .
650 1 7 _aالمسرحية العربية
650 1 7 _aسوريا
650 1 7 _aمسرح الأطفال
653 _aمرحلة أطفال متوسطة (6-9)سنوات
942 _2ddc
_cBK
999 _c52699
_d52699